000 00899nam a2200277 i 4500
001 184297
003 ES-MaACL
005 20250829125042.0
008 150612s2015 sp |||| | spa d
020 _a978-84-9921-621-8
080 _a37.011
080 _a37.013.73
100 1 _aCarbonell i Sebarroja, Jaume
_9157017
245 1 0 _aPedagogías del siglo XXI
_b: alternativas para la innovación educativa /
_cJaume Carbonell Sebarroja.
250 _a1ª ed.
260 _aBarcelona :
_bOctaedro,
_c2015.
300 _a292 p. ;
_c21 cm.
490 1 _aRecursos educativos
504 _aReferencias bibliográficas.
650 7 _aEducación-
_xFilosofía.
_912079
650 7 _aPedagogía crítica
_2embne
_9138602
830 0 _aRecursos educativos
_9193562
852 _aES-MaACL
_jA-13542
_9191293
_bR.150432
_cDEPO1
_dOlim: N-6542
942 _2udc
999 _c184297
_d184297